Catálogo

Reglas morales / (Registro nro. 41068)

Detalles MARC
000 -LEADER
fixed length control field 01492nam a2200361 i 4500
001 - CONTROL NUMBER
control field 41068
003 - CONTROL NUMBER IDENTIFIER
control field Mx-PuUPA
005 - DATE AND TIME OF LATEST TRANSACTION
control field 20250319155549.0
008 - FIXED-LENGTH DATA ELEMENTS--GENERAL INFORMATION
fixed length control field 140415s2015 sp gr 001 0 spa d
017 ## - COPYRIGHT OR LEGAL DEPOSIT NUMBER
Copyright or legal deposit number M-11.001-2015
020 ## - INTERNATIONAL STANDARD BOOK NUMBER
International Standard Book Number 9788497153201
040 ## - CATALOGING SOURCE
Original cataloging agency Mx-PuUPA
Transcribing agency Mx-PuUPA
Language of cataloging spa
Modifying agency Mx-PuUPA
Description conventions rda
041 1# - LANGUAGE CODE
Language code of text/sound track or separate title spa
Language code of original und
100 0# - MAIN ENTRY--PERSONAL NAME
Personal name Basil,
Titles and words associated with a name Saint, Bishop of Caesarea,
Dates associated with a name approximately 329-379
Relator term autor
9 (RLIN) 1195
245 10 - TITLE STATEMENT
Title Reglas morales /
Statement of responsibility, etc. Basilio de Cesarea ; traducción, introducción y notas de Alberto C. Capboscq
264 #1 - PRODUCTION, PUBLICATION, DISTRIBUTION, MANUFACTURE, AND COPYRIGHT NOTICE
Place of production, publication, distribution, manufacture Madrid, España :
Name of producer, publisher, distributor, manufacturer Editorial Ciudad Nueva,
Date of production, publication, distribution, manufacture, or copyright notice 2015
300 ## - PHYSICAL DESCRIPTION
Extent 236 páginas ;
Dimensions 21 cm
336 ## - CONTENT TYPE
Fuente rdacontent
Content type term texto
Content type code txt
337 ## - MEDIA TYPE
Source rdamedia
Media type term sin medio
Media type code n
338 ## - CARRIER TYPE
Source rdacarrier
Carrier type term volumen
Carrier type code nc
490 0# - SERIES STATEMENT
Series statement Biblioteca de Patrística ;
Volume/sequential designation 98
600 04 - SUBJECT ADDED ENTRY--PERSONAL NAME
Personal name Basilio, Santo, Obispo de Cesarea,
Chronological subdivision aproximadamente 329-379
General subdivision Regla
-- Crítica textual
650 #7 - SUBJECT ADDED ENTRY--TOPICAL TERM
Source of heading or term armarc
Topical term or geographic name entry element Monasticismo
General subdivision Órdenes religiosas
-- Reglas
Chronological subdivision Obras anteriores a 1800
650 #7 - SUBJECT ADDED ENTRY--TOPICAL TERM
Source of heading or term armarc
Topical term or geographic name entry element Ascetismo
Chronological subdivision Obras anteriores a 1800
650 #7 - SUBJECT ADDED ENTRY--TOPICAL TERM
Source of heading or term armarc
Topical term or geographic name entry element Ascetismo
Chronological subdivision Siglo IV
650 #7 - SUBJECT ADDED ENTRY--TOPICAL TERM
Source of heading or term armarc
Topical term or geographic name entry element Teología moral
Chronological subdivision Obras anteriores a 1800
650 #7 - SUBJECT ADDED ENTRY--TOPICAL TERM
Source of heading or term armarc
Topical term or geographic name entry element Padres de la Iglesia
Chronological subdivision Siglo IV
700 1# - ADDED ENTRY--PERSONAL NAME
Personal name Capboscq, Alberto C.,
Relator term traductor
-- autor de introducción y notas
942 ## - ADDED ENTRY ELEMENTS (KOHA)
Source of classification or shelving scheme Dewey Decimal Classification
Koha item type Libro
Classification part 248.47
Item part B2718
Existencias
Withdrawn status Lost status Source of classification or shelving scheme Damaged status Not for loan Collection code Home library Current library Shelving location Date acquired Source of acquisition Cost, normal purchase price Total Checkouts Full call number Barcode Date last seen Cost, replacement price Price effective from Koha item type
    Dewey Decimal Classification     General Biblioteca Karol Wojtyla Biblioteca Karol Wojtyla Sala general 22/01/2025 1 670.00   248.7 B2718 2024 105846 05/01/2026 670.00 22/01/2025 Libro